01582nam a2200301 a 4500001001000000003000900010005001700019008004100036040002500077082002400102100005000126245017100176246004500347260007400392300001900466500003400485590002600519600008200545600008800627650003600715651011400751651010300865700005900968910003701027942001401064952018501078999001701263000033121DO-SdBNP20241011133051.0110817s1954 dr r 000 0 spa d aDO-SdBNPbspacBNPHU 4a327.7293bR585d2221 aRio Cañedo, Francisco deld1997-196395878410aDos discursos trascendentales sobre política exterior = Two momentous speeches on foreing policy /cFrancisco Del Río Cañedo, Rafael Leónidas Trujillo Molina.13aTwo momentous speeches on foreing policy aCiudad Trujillo, República Dominicana :bEditora del Caribe,c1954. a33 p. ;c23cm. aTexto en español e inglés aInventariado, 2018/VM14aRio Cañedo, Francisco Del, d1897-1963vEnsayos, conferencias, etc. 95878510aTrujillo Molina, Rafael Leónidas, d1891-1961vEnsayos, conferencias, etc.957396 4aDiscursos presidenciales910061 4aRepública DominicanaxPolítica exterioryEra de Trujillo, 1930-1961 vEnsayos, conferencias, etc. 958787 4aRepública DominicanaxHistoriayEra de Trujillo, 1930-1961 vEnsayos, conferencias, etc. 9127491 aTrujillo Molina, Rafael Leónidas,d 1891-1961976764 aValidado. Control de calidad MFF 2ddccLBS1 001050718RVaPDbPDcHDd2011-08-17iLF1l0o327.7293 R585dp33121-10r2020-06-25w2020-06-25y1zPerteneció a la biblioteca personal de Carlos Larrazabal BlancoZNo se presta c32612d32612